header

Nitrous oxide and neurotransmission (Record no. 38907)

MARC details
000 -LEADER
fixed length control field 01225nam a2200325Ia 4500
082 04 - DEWEY DECIMAL CLASSIFICATION NUMBER
Classification number 362.29/93
100 1# - MAIN ENTRY--AUTHOR NAME
Personal name Gillman, Mark A.
245 10 - TITLE STATEMENT
Title Nitrous oxide and neurotransmission
260 ## - PUBLICATION, DISTRIBUTION, ETC. (IMPRINT)
Place of publication New York :
Name of publisher Nova Science Publishers,
Year of publication c2012.
300 ## - PHYSICAL DESCRIPTION
Number of Pages xiii, 293 p. :
Other physical details ill.
650 #0 - SUBJECT ADDED ENTRY--TOPICAL TERM
Topical Term Nitrous oxide
Topical Term Neurochemistry.
Topical Term Neurotransmitters.
856 40 - ELECTRONIC LOCATION AND ACCESS
Uniform Resource Identifier http://site.ebrary.com/lib/rucke/Doc?id=10726528

No items available.

© 2026 Rongo University
Contact us: librarian | system librarian | Rongo university